| 000 | 01139nam a2200313Ia 4500 | ||
|---|---|---|---|
| 001 | Para_8795 | ||
| 003 | CHAP | ||
| 008 | 220125s2003 xx 000 0 und d | ||
| 010 | _a205960 | ||
| 040 | _cCHAP | ||
| 090 | _aPA TESIS 1760 | ||
| 100 |
_aJuárez Cruz, Gabriela _962399 |
||
| 245 |
_aControl de calidad e impacto de dos especies parasíticas : _b Spalangia endius Walker y Muscidifurax raptor Girault & Sanders (Hymenoptera : _bPteromalidae), bajo condiciones de laboratorio en Chapingo, México / _c por Gabriela Juárez Cruz |
||
| 260 |
_aChapingo, Méx. : _b el autor |
||
| 300 | _a48 h. | ||
| 502 | _aTesis (Ing. Agr. Esp. en Parasitología Agrícola) -- UACh. Departamento Parasitología Agrícola | ||
| 650 |
_aInsectos _x Larvas _958932 |
||
| 650 |
_aMoscas _978995 |
||
| 650 |
_aMuscidifurax raptor _979869 |
||
| 650 |
_aSpalangia endius _9172120 |
||
| 710 |
_aUACh. Departamento Parasitología Agrícola _9164025 |
||
| 901 | _aPA TESIS 1760 | ||
| 902 | _aA | ||
| 905 | _a0000002003 an 0000000000 00 | ||
| 910 | _a2003 | ||
| 942 | _cPARA | ||
| 942 |
_cPARA _d1 |
||
| 999 |
_c205960 _d205960 |
||